000 00349nam a2200145Ia 4500
005 20240823064426.0
008 240823s9999||||xx |||||||||||||| ||und||
082 _A621.3845 P5
100 _a"Dobkin,Daniel M"
245 0 _aRF Engineering For Wireless Networks
260 _bN
500 _aYES
650 _aWireless
_bElectronics
942 _cNB
999 _c240683
_d240683